| 000 | 00466nam a2200169 i 4500 | ||
|---|---|---|---|
| 001 | bg | ||
| 100 | 1 | _aGrigo~7rev, Vasilij Prohovič. | |
| 245 |
_aNitowanie konstrukcji ze stopów lekkich / _cW. Grigoriew, P. Gołdowski |
||
| 260 |
_aWarszawa : _bMON, _c1957 |
||
| 300 |
_as. 315 : _bliustr., tabl |
||
| 700 | _aGoldowskij, Pavel Borisovič. | ||
| 040 | _cBPK | ||
| 041 | _apol | ||
| 080 | _a621.97 | ||
| 942 | _cKS | ||
| 008 | s pl f |000 0 pol | ||
| 999 |
_c10545 _d10545 |
||
| 856 |
_uhttp://koha.tu.koszalin.pl/cgi-bin/koha/opac-detail.pl?biblionumber=10545 _yKatalog online BPK |
||